000 00525nam a2200181 a 4500
001 38501
005 20180714011802.0
008 140415s2001 mx 000 0 spa d
020 _a970665075X
041 _aspa
082 _a657.45
_bNOR
245 0 0 _aNORMAS Y PROCEDIMIENTOS DE AUDITORIA
250 _a21ed.
260 _aMEXICO :
_bINSTITUTO MEXICANO DE CONTADORES PUBLICOS,
_c2001
300 _a896
_cx 16 x 22
520 _aNORMAS Y PROCEDIMIENTOS DE AUDITORIA
650 1 4 _aAUDITORIA
_xCONTABILIDAD
999 _c38501
_d38501